LEADER 01114nam a2200265 i 4500 001 000000131214 003 CaOOAMICUS 005 20070222000000.0 008 070222s1976 it u000 u ita u 013 $a104071 040 $aSeMil$bita 100 1 $aHomans, George C.$0(OLS)http://semarc/name/34480 245 13$aLa natura delle scienze sociali /$cGeorge C. Homans ed. italiana a cura di Gianfranco Sabattini. 260 $aMilano :$bFranco Angeli,$ccopyr. 1976. 300 $a102 p. ;$c22 cm. 490 0 $aScienze sociali ;$v3.5 650 4$aPsicologia collettiva.$0(OLS)http://semarc/subject/6987 650 4$aComportamento sociale.$0(OLS)http://semarc/subject/10549 700 1 $aSabattini, Gianfranco.$0(OLS)http://semarc/name/54229 830 0$aScienze sociali ;$v3.5.$0(OLS)http://semarc/title/17151 850 $aSeMil 852 $aSeMil$W1$xVenegono$y1$m3N IV 461$j85197$B85197$CSeMilBibl$Z2$F123521 $81 961 $aOmaggio: Altro 996 $6245$aLa natura delle scienze sociali$9(OLS)http://semarc/title/193099 996 $6260$aMilano :$bFranco Angeli$9(OLS)http://semarc/publisher/30369 LEADER 01706nam a2200301 i 4500 001 000000241549 003 CaOOAMICUS 005 20190716141424.0 008 150505s1616 xx u000 u lat u 013 $a220454 026 $asio- ins- l-Ed Sime (3) 1616 (A) 040 $aSeMil$bita 100 1 $aBellarmino, Roberto,$c.$0(OLS)http://semarc/name/1158 240 10$aDe aeterna felicitate sanctorum libri quinque.$0(OLS)http://semarc/title/343302 245 10$aDella eterna felicità de' santi libri cinque. Composti dall'illustriss. & reuerendiss. sig. cardinal Bellarmino della Compagnia di Giesu, ... Volgarizzati dal sig. abbate Angelo Della Ciaia, nipote dell'autore. 260 $aIn Roma :$bPer Bartolomeo Zannetti,$c1616. 300 $a[36], 428 p. ;$c12º. 500 $aInsegna dei Gesuiti sul front. - Segn. : a6 b12 A-R12 S10. 650 4$aComunione dei santi.$0(OLS)http://semarc/subject/7418 650 4$aParadiso.$0(OLS)http://semarc/subject/8406 650 4$aTeologia - Testi - Sec. 17.$0(OLS)http://semarc/subject/2241 700 1 $aDella Ciaia, Angelo.$0(OLS)http://semarc/name/81782 700 1 $aZanetti, Bartolomeo$b<2.,$cEditore>.$0(OLS)http://semarc/name/14850 850 $aSeMil 852 $aSeMil$W1$xVenegono$y1$m3F I 159 FA$j191895$B191895$CSeMilBibl$Z2$F202687 $8I 996 $6245$aDella eterna felicità de' santi libri cinque. Composti dall'illustriss. & reuerendiss. sig. cardinal Bellarmino della Compagnia di Giesu, ... Volgarizzati dal sig. abbate Angelo Della Ciaia, nipote dell'autore$9(OLS)http://semarc/title/343301 996 $6260$aIn Roma :$bPer Bartolomeo Zannetti$9(OLS)http://semarc/publisher/39196